Kraje z najniższą średnią długością życia mężczyzn w UE za 2023 rok. - Statystyki

Ogólne statystyki
  • Ten quiz został rozwiązany 15 razy
  • Średni wynik to 9 z 10
Statystyki odpowiedzi
Miejsce Średnia życia Kraj % Poprawnych
7. 74,6 Polska
100%
8. 74,9 Słowacja
100%
5. 74,4 Węgry
100%
2. 72,0 Bułgaria
92%
10. 76,9 Czechy
92%
6. 74,5 Estonia
92%
4. 72,9 Litwa
92%
1. 70,5 Łotwa
92%
3. 72,6 Rumunia
85%
9. 75,5 Chorwacja
69%
Nie znaleziono quizów pasujących do podanych kryteriów
Rozkład punktacji
Procent ludzi z każdym wynikiem
Percentyl według liczby udzielonych odpowiedzi
Twoja historia wyników
Nie rozwiązałeś tego quizu